| 000 | 00419cam a2200169ua 4500 | ||
|---|---|---|---|
| 020 | _c3.50 | ||
| 041 |
_amal _h |
||
| 082 |
_a330.1 _bDAM/DH |
||
| 100 | _aDhamodharan, K . | ||
| 245 |
_aDhanashasthrathinte Adisthana Thathwangal / _cK.Dhamodharan. _hTextual Documents |
||
| 260 |
_a : _bKerala sahitya academy , _c1958. |
||
| 300 | _a ; . | ||
| 365 | _a3.50 | ||
| 504 | _a | ||
| 942 | _cBK | ||
| 999 |
_c692 _d692 |
||